Detalles MARC
| 000 -LÍDER |
| Campo fijo de descripción fija |
02630nam a2200325 i 4500 |
| 001 - NÚMERO DE CONTROL |
| Campo de control |
768714001 |
| 003 - IDENTIFICADOR DEL NÚMERO DE CONTROL |
| Campo de control |
CO-MdFUSB |
| 005 - FECHA Y HORA DE LA ULTIMA TRANSACCIÓN |
| control field |
20240117154335.0 |
| 007 - CAMPO FIJO DE DESCRIPCIÓN FIJA--INFORMACIÓN GENERAL |
| Campo fijo de descripción fija |
ta |
| 008 - ELEMENTOS DE LONGITUD FIJA -- INFORMACIÓN GENERAL |
| Campo fijo de descripción fija -- Información general |
920610t1992 ilu b 001 | eng |
| 020 ## - NÚMERO INTERNACIONAL NORMALIZADO PARA LIBROS |
| Número Internacional Normalizado del libro |
0830814116 |
| 040 ## - FUENTE DE CATALOGACIÓN |
| Agencia de catalogación original |
DLC. |
| Agencia que realiza la transcripción |
CO-MdFUSB |
| Agencia que realiza la modificación |
CO-MdFUSB |
| Idioma de catalogación |
spa |
| Convenciones de la descripción |
rda |
| 041 ## - CÓDIGO DE IDIOMA |
| Código de idioma para texto/pista de sonido o título separado |
eng |
| 082 ## - NÚMERO DE CLASIFICACIÓN DECIMAL DEWEY |
| Número de la edición del Dewey |
23 |
| Número de clasificación |
230.01 |
| Clave de autor-Numero de item |
B652t |
| 100 1# - ASIENTO PRINCIPAL--NOMBRE PERSONAL |
| Nombre personal |
Bloesch, Donald G. ( |
| Término relacionador |
autor |
| 245 12 - TÍTULO |
| Título del Material |
A theology of word & spirit : |
| Parte restante del título - Subtitulo |
authority & method in theology / |
| Mención de responsabilidad, etc. |
Donald G. Bloesch |
| 264 #1 - PRODUCCIÓN, PUBLICACIÓN, DISTRIBUCIÓN, MANUFACTURA, Y COPYRIGHT |
| Lugar de producción, publicación, distribución, manufactura |
Downers Grove, Ill. : |
| Nombre del productor, publicador, distribuidor |
InterVarsity Press, |
| Fecha de producción, publicación, distribución, manufactura, o copyright |
[1992] |
| 264 #4 - PRODUCCIÓN, PUBLICACIÓN, DISTRIBUCIÓN, MANUFACTURA, Y COPYRIGHT |
| Fecha de producción, publicación, distribución, manufactura, o copyright |
©1992 |
| 300 ## - DESCRIPCIÓN FÍSICA |
| Extensión |
336 páginas ; |
| Dimensiones |
24 cm |
| 336 ## - TIPO DE CONTENIDO |
| Fuente |
rdacontent |
| Término de tipo de contenido |
texto |
| Código de tipo de contenido |
txt |
| 337 ## - TIPO DE MEDIO |
| Fuente |
rdamedia |
| Nombre del tipo de medio |
sin mediación |
| Código del tipo de medio |
n |
| 338 ## - TIPO DE SOPORTE |
| Fuente |
rdacarrier |
| Nombre del tipo de soporte |
volumen |
| Código Tipo de soporte |
nc |
| 490 0# - MENCIÓN DE SERIE |
| Mención de serie |
Christian foundations |
| 505 ## - NOTA DE CONTENIDO |
| Nota de contenido con formato preestablecido |
Introducción. Recuperación del dogma; Hacia la recuperación de la teología bíblica y evangélica -- El malestar teológico. El deslizamiento hacia el relativismo; ¿Un nuevo conflicto en la iglesia? -- Fe y filosofía. Fe y razón; teología y filosofía; Fe y metafísica; Fe y religión; Fe y ética; Más allá del fideísmo y el racionalismo; Apéndice A: Kierkegaard -- Lenguaje teológico. El enigma de la fe-lenguaje; Dialéctica y paradoja; Los nombres divinos; Resimbolizando a Dios; Palabras e imágenes; Apéndice B: sobre el significado -- Hacia la renovación de la teología. Teología definida; Dogma y doctrina; Dimensiones de una teología renovada; Los dos lados de la teología; El desafío hoy; Una aventura en la obediencia; Apéndice C: evangelio y kerygma; Apéndice D: ortodoxia -- Teología natural. Karl Barth y sus adversarios; El nuevo catolicismo; revelación general; Moral natural; Una teología de la creación; La teología natural hoy; Apéndice E: Thomas F. Torrance -- Repensar la autoridad teológica. lugares de autoridad; Términos absolutos y relativos; La naturaleza paradójica de la autoridad teológica; El terreno de la certeza; Misterio y significado; Apéndice F: el cuadrilátero wesleyano -- La comunicación del evangelio. Revelación y comunicación; Métodos cuestionables; Una alternativa bíblica; Una reevaluación de la apologética; Imperialismo religioso versus evangelismo -- La teología en la encrucijada. Cuatro opciones; Teología de la restauración; Teología de la acomodación; Teología de la correlación; Teología de la confrontación; Puntos de conflicto; Hacia un nuevo tipo de teología confesional; Voces discordantes |
| 563 ## - NOTA DE ENCUADERNACIÓN |
| Nota de encuadernación |
Tapa dura |
| 650 #7 - ASIENTO SECUNDARIO DE MATERIA - TERMINO TEMÁTICO |
| Término temático o nombre geográfico como elemento de entrada |
Teología dogmática |
| Fuente del encabezamiento o término |
embne |
| 9 (RLIN) |
6937 |
| 942 ## - TIPO DE MATERIAL (KOHA) |
| Tipo de Item KOHA |
Libros General |
| 945 ## - INFORMACIÓN LOCAL DEL REGISTRO |
| Catalogador |
Mag1104 |